000 00361nam a2200133Ia 4500
005 20260328101525.0
008 260328s9999||||xx |||||||||||||| ||und||
100 _aAntonelli, Paola
245 0 _aMutant Materials in Contemporary Design /
_cPaola Antonelli
260 _bThe Museum of Modern Art
300 _a128 p.
650 _aDISEÑO INDUSTRIAL
942 _cBK
999 _c9748
_d9748